Návrh jednotky na splyňovanie zmesného komunálneho odpadu
Na minha lista:
| Autor principal: | |
|---|---|
| Outros Autores: | |
| Formato: | Manuscrito Livro |
| Idioma: | eslovaco |
| Publicado em: |
2015
|
| Assuntos: | |
| Acesso em linha: | http://is.stuba.sk/zp/portal_zp.pl?podrobnosti=101642 |
| Tags: |
Sem tags, seja o primeiro a adicionar uma tag!
|
MARC
| LEADER | 00000ntm a22000003a 4500 | ||
|---|---|---|---|
| 001 | stuzp53022 | ||
| 003 | SK-STU | ||
| 005 | 20160719154343.6 | ||
| 007 | ta | ||
| 008 | 150427s2015----xo-----f-mn---000-0-slo-d | ||
| 040 | |a STU |b slo | ||
| 041 | 0 | |a slo | |
| 100 | 1 | |a Šuhaj, Patrik |u 046230 |4 aut |U FCHPT Ústav chemického a environmentálneho inžinierstva |T FCHPT Oddelenie chemického a biochemického inžinierstva |X 61074 |U C6230 |Y 119 |7 61074 | |
| 242 | 0 | 1 | |a Design of a Unite for Gasification of Municipal Solid Waste |y eng |
| 245 | 1 | 0 | |a Návrh jednotky na splyňovanie zmesného komunálneho odpadu |
| 260 | |c 2015 | ||
| 650 | 4 | |a tuhý komunálny odpad |2 slo | |
| 650 | 4 | |a dietanolamín |2 slo | |
| 650 | 4 | |a splyňovanie |2 slo | |
| 650 | 4 | |a gasification |2 eng | |
| 650 | 4 | |a municipal solid waste |2 eng | |
| 650 | 4 | |a diethanolamine |2 eng | |
| 700 | 1 | |a Haydary, Juma |4 ths |X 3923 |7 A000003923 | |
| 856 | 4 | |u http://is.stuba.sk/zp/portal_zp.pl?podrobnosti=101642 | |
| SQL | |a stuzp53022 |b DBP |c SLO |d Návrh jednotky na splyňovanie zmesného komunálneho odpadu |e 61074 |f Šuhaj, Patrik |g 046230 |h 3923 |i Haydary, Juma |j 20150714 |k 106 |l 04 |m http://is.stuba.sk/zp/portal_zp.pl?podrobnosti=101642 |n B-CHI |o 5.2.17. chemické inžinierstvo | ||